Music Quiz

Random Music Quiz

Freedom! '90 Lyrics-almost all of them Quiz Stats

 Plays Quiz not verified by Sporcle

Challenge
Share
Tweet
Embed
Score 0/300 Timer 10:00
0 Plays Today
Hint Answer % Correct
do
96%
do
96%
you
95.2%
you
95.2%
you
95.2%
you
95.2%
you
95.2%
you
95.2%
you
95.2%
you
95.2%
you
95.2%
you
95.2%
the
93.7%
the
93.7%
me
93.7%
to
93.7%
a
93.7%
to
93.7%
and
93.7%
and
93.7%
me
93.7%
to
93.7%
the
93.7%
a
93.7%
and
93.7%
a
93.7%
and
93.7%
the
93.7%
the
93.7%
the
93.7%
me
93.7%
to
93.7%
a
93.7%
the
93.7%
the
93.7%
the
93.7%
to
93.7%
and
93.7%
to
93.7%
to
93.7%
and
93.7%
to
93.7%
me
93.7%
a
93.7%
a
93.7%
and
93.7%
me
93.7%
the
93.7%
a
93.7%
the
93.7%
the
93.7%
a
93.7%
the
93.7%
the
93.7%
the
93.7%
to
93.7%
don't
92.9%
don't
92.9%
don't
92.9%
So
92.1%
be
92.1%
so
92.1%
be
92.1%
have
89.7%
have
89.7%
have
89.7%
some
88.9%
FREEDOM
88.9%
FREEDOM
88.9%
some
88.9%
not
88.1%
give
88.1%
in
88.1%
that
88.1%
got
88.1%
give
88.1%
know
88.1%
what
88.1%
not
88.1%
know
88.1%
got
88.1%
take
88.1%
in
88.1%
take
88.1%
in
88.1%
not
88.1%
take
88.1%
that
88.1%
give
88.1%
what
88.1%
take
88.1%
give
88.1%
what
88.1%
take
88.1%
what
88.1%
in
88.1%
got
88.1%
got
88.1%
got
88.1%
it
87.3%
Hint Answer % Correct
No
87.3%
up
85.7%
up
85.7%
boy
85.7%
for
85.7%
on
85.7%
make
85.7%
make
85.7%
for
85.7%
for
85.7%
boy
85.7%
on
85.7%
boy
85.7%
for
85.7%
on
85.7%
let
84.9%
let
84.9%
was
84.9%
was
84.9%
was
84.9%
I
84.1%
down
84.1%
I
84.1%
I
84.1%
down
84.1%
I
84.1%
I
84.1%
I
84.1%
I
84.1%
I
84.1%
I
84.1%
I
84.1%
I
84.1%
I
84.1%
I
84.1%
I
84.1%
i
84.1%
I
84.1%
is
83.3%
man
83.3%
all
83.3%
we
83.3%
is
83.3%
all
83.3%
we
83.3%
is
83.3%
we
83.3%
we
83.3%
we
83.3%
we
83.3%
won't
82.5%
won't
82.5%
just
82.5%
just
82.5%
belong
82.5%
belong
82.5%
just
82.5%
wanted
81.7%
every
81.7%
true
81.7%
every
81.7%
won
81.7%
didn't
81%
now
81%
these
81%
them
81%
now
81%
thing
80.2%
I've
80.2%
young
80.2%
clothes
80.2%
I've
80.2%
clothes
80.2%
see
80.2%
will
79.4%
It's
79.4%
your
79.4%
it's
79.4%
your
79.4%
your
79.4%
lies
79.4%
Gotta
78.6%
gotta
78.6%
gotta
78.6%
faith
77.8%
joy
77.8%
Sometimes
77.8%
pride
77%
think
77%
think
77%
there's
77%
something
77%
think
77%
there's
77%
something
77%
of
77%
there's
77%
of
77%
schoolgirl's
76.2%
should
76.2%
Hint Answer % Correct
time
76.2%
time
76.2%
one
75.4%
good
75.4%
TV
75.4%
back
75.4%
back
75.4%
somehow
75.4%
good
75.4%
back
75.4%
little
74.6%
enough
74.6%
please
73.8%
guess
73.8%
rock
73.8%
get
73.8%
get
73.8%
roll
73%
deep
73%
inside
73%
Heaven
72.2%
frame
72.2%
understand
72.2%
heaven
72.2%
yeah
72.2%
new
71.4%
place
71.4%
told
71.4%
someone
71.4%
picture
71.4%
place
71.4%
new
71.4%
face
70.6%
brand
70.6%
happy
70.6%
rain
70.6%
brand
70.6%
face
70.6%
happy
70.6%
sound
69.8%
singing
69.8%
hope
69.8%
I'm
69%
im
69%
knows
68.3%
race
68.3%
big
68.3%
knows
68.3%
big
68.3%
race
68.3%
hungry
67.5%
fat
67.5%
but
66.7%
else
66.7%
MTV
66.7%
but
66.7%
gonna
65.9%
Oh
65.9%
gonna
65.9%
win
64.3%
boys
63.5%
really
62.7%
really
62.7%
way
61.9%
way
61.9%
way
61.9%
game
61.1%
game
61.1%
you've
59.5%
you've
59.5%
would
58.7%
around
57.9%
prettier
57.9%
same
57.9%
love
57.1%
play
57.1%
were
57.1%
play
57.1%
change
57.1%
stick
56.3%
had
56.3%
had
56.3%
fantasy
55.6%
today
54.8%
fun
54.8%
out
54.8%
today
54.8%
living
54%
myself
53.2%
run
53.2%
myself
53.2%
Because
52.4%
buddy
50%
home
50%
sure
49.2%
went
49.2%
has
48.4%
shot
46.8%
band
44.4%
kick
42.9%

You're not logged in!

Compare scores with friends on all Sporcle quizzes.
OR
Log In

You Might Also Like...

Show Comments

Extras

Created Dec 28, 2016ReportNominate
Tags:freedom

Top Quizzes Today


Score Distribution

Your Account Isn't Verified!

In order to create a playlist on Sporcle, you need to verify the email address you used during registration. Go to your Sporcle Settings to finish the process.

Report this User

Report this user for behavior that violates our Community Guidelines.

Details: